00676cam a22002171 4500001001300000003000400013005001700017008004100034010001700075035002000092040001800112042001200130050001600142100002000158245011100178260005000289300001800339650004500357651004100402999001500443af 48003745 DLC20260227110904.0860213s1945 ne 000 0 dut  aaf 48003745  a(OCoLC)23414055 aDLCcMiUdDLC apremarc00aD829.N2bS81 aStempels, B. G.10aNederland bevrijd!bWaarheen nu?c10 punten die de aandacht vragen. Open brief aan het Nederlandsche volk. aDen Haag,bZuid-Hollandsche Uitg. Mijc[1945] a35 p.c24 cm. 0aReconstruction (1939-1951)zNetherlands. 0aNetherlandsxPolitics and government c5752d5752